Самые Угадываемые Страны в Разных Языках Викторины COTW - Statistics

General Stats
  • This quiz has been taken 273 times
  • The average score is 45 of 50
Answer Stats
Язык Процент Страна % Correct
Русский 97% Россия
99%
Английский 97% Соединённые Штаты Америки
99%
Английский 95% Россия
99%
Французский 96% Россия
99%
Французский 95% Соединённые Штаты Америки
99%
Испанский 96% Соединённые Штаты Америки
99%
Испанский 94% Россия
99%
Турецкий 96% Соединённые Штаты Америки
99%
Турецкий 94% Россия
99%
Русский 96% Соединëнные Штаты Америки
99%
Русский 92% Франция
97%
Английский 94% Франция
97%
Французский 98% Франция
97%
Испанский 94% Франция
97%
Турецкий 93% Франция
97%
Французский 96% Испания
96%
Испанский 95% Испания
96%
Русский 95% Китай
94%
Английский 95% Китай
94%
Французский 95% Китай
94%
Испанский 94% Китай
94%
Турецкий 93% Китай
94%
Русский 95% Украина
93%
Русский 92% Канада
93%
Английский 96% Канада
93%
Французский 96% Канада
93%
Испанский 96% Канада
93%
Турецкий 94% Канада
93%
Русский 92% Германия
92%
Английский 93% Италия
92%
Французский 96% Италия
92%
Французский 94% Германия
92%
Турецкий 93% Германия
92%
Турецкий 91% Италия
92%
Русский 90% Беларусь
91%
Английский 94% Великобритания
90%
Турецкий 95% Турция
90%
Английский 94% Бразилия
89%
Испанский 95% Бразилия
89%
Английский 94% Мексика
87%
Французский 94% Мексика
87%
Испанский 96% Мексика
87%
Русский 94% Казахстан
85%
Русский 92% Япония
84%
Английский 93% Австралия
76%
Французский 94% Австралия
76%
Испанский 95% Аргентина
76%
Турецкий 92% Греция
65%
Испанский 94% Чили
48%
Турецкий 91% Сирия
43%
No matching quizzes found
Score Distribution
Percent of People with Each Score
Percentile by Number Answered
Your Score History
You have not taken this quiz